|
|
|
|
| LEADER |
01521nam a22003017a 4500 |
| 001 |
26343 |
| 003 |
BD-DhAAL |
| 005 |
20250115164833.0 |
| 008 |
250115t2011 bg ab||| e||| 00| 0 ben d |
| 020 |
|
|
|a 9789845120265 (খণ্ড ৬)
|
| 040 |
|
|
|a BD-DhAAL
|d BD-DhAAL
|
| 041 |
|
|
|a ben
|
| 082 |
|
|
|a 954.92003
|2 22
|
| 245 |
|
|
|a বাংলাপিডিয়া :
|b বাংলাদেশ জাতীয় জ্ঞানকোষ,
|n খন্ড ৬ /
|c প্রধান সম্পাদক সিরাজুল ইসলাম; ব্যবস্থাপনা সম্পাদক সাহাজান মিয়া.
|
| 250 |
|
|
|a দ্বিতীয় সংস্করণ.
|
| 260 |
|
|
|a ঢাকা :
|b বাংলাদেশ এশিয়াটিক সোসাইটি,
|c ২০১১.
|
| 300 |
|
|
|a Vol. 6
|b চিত্র. (some col.), ম্যাপ (chiefly col.) ;
|c ২৬ সে.মি.
|
| 362 |
|
|
|a Vol. 6
|
| 505 |
|
|
|a Vol. 6
|
| 541 |
|
|
|a Chairperson, BRAC
|
| 651 |
|
|
|a Bangladesh
|v Encyclopedias.
|
| 700 |
|
|
|a ইসলাম, সিরাজুল,
|d ১৯৩৯-
|
| 700 |
|
|
|a মিয়া, সাহাজান.
|9 21164
|
| 710 |
|
|
|a বাংলাদেশ এশিয়াটিক সোসাইটি.
|
| 852 |
|
|
|c Reference Section
|
| 942 |
|
|
|2 ddc
|c BK
|
| 999 |
|
|
|c 47218
|d 47218
|
| 952 |
|
|
|0 0
|1 0
|2 ddc
|4 0
|6 954_920030000000000_BAN
|7 0
|9 77210
|a BRACUL
|b BRACUL
|c REF
|d 2025-01-15
|e Chairperson, BRAC
|g 715.00
|l 0
|o 954.92003 BAN
|p 3010026343
|r 2025-01-15
|t 6
|w 2025-01-15
|y BK
|